Love in a forest, 1723. (Record no. 85762)
[ view plain ]
| 000 -LEADER | |
|---|---|
| fixed length control field | 00937cam2a220027700 4500 |
| 001 - CONTROL NUMBER | |
| control field | lce00054833 |
| 008 - FIXED-LENGTH DATA ELEMENTS--GENERAL INFORMATION | |
| fixed length control field | 700901r19691723enk 000 0 eng |
| 010 ## - LIBRARY OF CONGRESS CONTROL NUMBER | |
| LC control number | 75492149 //r83 |
| 015 ## - NATIONAL BIBLIOGRAPHY NUMBER | |
| National bibliography number | B70-05374 |
| 020 ## - INTERNATIONAL STANDARD BOOK NUMBER | |
| International Standard Book Number | 0719101123 |
| 020 ## - INTERNATIONAL STANDARD BOOK NUMBER | |
| Terms of availability | 75/- |
| 035 ## - SYSTEM CONTROL NUMBER | |
| System control number | (Sirsi) r125237 |
| 035 ## - SYSTEM CONTROL NUMBER | |
| System control number | (DLC) 75492149 //r83 |
| 035 ## - SYSTEM CONTROL NUMBER | |
| System control number | (UPRA)lce00054833 |
| 050 0# - LIBRARY OF CONGRESS CALL NUMBER | |
| Classification number | PR2878.A8 |
| Item number | J6 1723a |
| 082 ## - DEWEY DECIMAL CLASSIFICATION NUMBER | |
| Classification number | 822.3/3 |
| 100 1# - MAIN ENTRY--PERSONAL NAME | |
| Personal name | Shakespeare, William, 1564-1616. |
| Dates associated with a name | Shakespeare, William, 1564-1616. |
| Linkage | A1194.1 |
| 240 10 - UNIFORM TITLE | |
| Uniform title | As you like it |
| 245 10 - TITLE STATEMENT | |
| Title | Love in a forest, 1723. |
| 260 ## - PUBLICATION, DISTRIBUTION, ETC. | |
| Place of publication, distribution, etc. | London, |
| Name of publisher, distributor, etc. | Cornmarket P., |
| Date of publication, distribution, etc. | 1969. |
| 500 ## - GENERAL NOTE | |
| General note | Facsimile reprint of 1st ed., London, W. Chetwood, 1723. |
| 500 ## - GENERAL NOTE | |
| General note | An adaptation of Shakespeare's As you like it, by Charles Johnson. |
| 700 1# - ADDED ENTRY--PERSONAL NAME | |
| Personal name | Johnson, Charles, 1679-1748. |
| Dates associated with a name | Johnson, Charles, 1679-1748. |
| Linkage | A93513.1 |
| 949 ## - LOCAL PROCESSING INFORMATION (OCLC) | |
| a | PR2878.A8 |
| w | lcc |
| i | -179810 |
| m | MAIN |
| t | BOOK |
| l | ON-SHELF |
No items available.